| 000 | 00560nam a2200193Ia 4500 | ||
|---|---|---|---|
| 008 | 151119s9999||||xx |||||||||||||| ||und|| | ||
| 082 | _a294.592 | ||
| 082 | _bGKKV13502 | ||
| 100 | _aदेशमुख श्रीकृष्ण | ||
| 245 | _aकेनोपनिषद | ||
| 260 | _a-- | ||
| 260 | _b-- | ||
| 260 | _c0 | ||
| 600 | _aदेशमुख श्रीकृष्ण | ||
| 630 | _aकेनोपनिषद | ||
| 700 | _aदेशमुख श्रीकृष्ण | ||
| 730 | _aकेनोपनिषद | ||
| 942 | _cBOOK | ||
| 999 |
_c1067152 _d1067149 |
||